000
00220nam a22000857a 4500
008
170624b xxu||||| |||| 00| 0 eng d
100
_9
3665
_a
Jain. S
245
_a
How to excel in examination
260
_a
New Delhi
_b
Narula
_c
2006
999
_c
7080
_d
7080